[Event "Julius Baer GenCup KO"]
[Site "chess24.com INT"]
[Date "2022.09.22"]
[Round "1.11"]
[White "Carlsen, Magnus"]
[Black "Aronian, Levon"]
[Result "0-1"]
[WhiteTitle "GM"]
[BlackTitle "GM"]
[WhiteElo "2861"]
[BlackElo "2759"]
[WhiteFideId "1503014"]
[BlackFideId "13300474"]
[EventDate "2022.09.22"]
[EventType "k.o."]

1. d4 d5 2. c4 dxc4 3. e3 Nf6 4. Bxc4 e6 5. Nf3 c5 6. O-O a6 7. Be2 Nbd7 8. Nc3
b5 9. d5 exd5 10. Nxd5 Bb7 11. Nxf6+ Qxf6 12. a4 b4 13. Ra2 Ne5 14. Nxe5 Qxe5
15. b3 Bd6 16. f4 Qe7 17. Bc4 O-O 18. Qg4 Kh8 19. Re2 f5 20. Qg3 Rad8 21. Bb2
Bc7 22. h4 Bd5 23. Bxd5 Rxd5 24. e4 fxe4 25. Rxe4 Qf7 26. Rfe1 Bd6 27. Re8 Kg8
28. Qf3 Rd2 29. Rxf8+ Bxf8 30. Bc1 Rc2 31. f5 c4 32. bxc4 Qxc4 33. Bf4 Rc3 34.
Qg4 Qd4+ 35. Kh2 Rc4 36. Rf1 Bd6 37. g3 Bxf4 38. Rxf4 Qd2+ 39. Kh3 Rxf4 40. gxf4
Qd7 41. Qe2 Qxf5+ 42. Kg3 Qg6+ 43. Kh2 Qc6 44. Qe5 Qc2+ 45. Kg1 Qc8 46. Qd6 a5
47. Qd5+ Kh8 48. Qxa5 Qb8 49. Qf5 b3 50. a5 h6 51. Qb1 b2 52. Kf2 Qxf4+ 0-1

[Event "Julius Baer GenCup KO"]
[Site "chess24.com INT"]
[Date "2022.09.22"]
[Round "1.11"]
[White "Niemann, Hans Moke"]
[Black "Le, Quang Liem"]
[Result "0-1"]
[WhiteTitle "GM"]
[BlackTitle "GM"]
[WhiteElo "2688"]
[BlackElo "2728"]
[WhiteFideId "2093596"]
[BlackFideId "12401137"]
[EventDate "2022.09.22"]
[EventType "k.o."]

1. c4 c5 2. Nf3 Nc6 3. g3 g6 4. Bg2 Bg7 5. Nc3 Nh6 6. d3 Nf5 7. O-O d6 8. Qd2 h5
9. h3 Bd7 10. b3 Qc8 11. Bb2 Nfd4 12. Nxd4 cxd4 13. Nd5 Bxh3 14. Nc7+ Qxc7 15.
Bxh3 O-O 16. b4 a6 17. a4 e6 18. Bg2 a5 19. b5 Nb8 20. Qf4 Nd7 21. Ba3 Be5 22.
Qf3 Rab8 23. Rfb1 b6 24. Qc6 Qd8 25. f4 Rc8 26. Qf3 Bf6 27. Bxd6 Be7 28. Bxe7
Qxe7 29. e4 Nc5 30. e5 f5 31. exf6 Qxf6 32. Re1 Rc7 33. Re2 h4 34. Rae1 Qf5 35.
gxh4 Qxd3 36. Rxe6 Qxf3 37. Bxf3 Nxe6 38. Rxe6 Rxf4 39. Be2 Kg7 40. Rxb6 Re7 41.
Bd3 Re3 0-1

[Event "Julius Baer GenCup KO"]
[Site "chess24.com INT"]
[Date "2022.09.22"]
[Round "1.12"]
[White "Aronian, Levon"]
[Black "Carlsen, Magnus"]
[Result "0-1"]
[WhiteTitle "GM"]
[BlackTitle "GM"]
[WhiteElo "2759"]
[BlackElo "2861"]
[WhiteFideId "13300474"]
[BlackFideId "1503014"]
[EventDate "2022.09.22"]
[EventType "k.o."]

1. d4 Nf6 2. c4 e6 3. Nf3 d5 4. Nc3 c5 5. cxd5 exd5 6. Bg5 Be6 7. Bxf6 Qxf6 8.
e4 dxe4 9. Nxe4 Qf4 10. Nxc5 Bxc5 11. dxc5 Nc6 12. Bd3 O-O-O 13. O-O Nb4 14. Qa4
Nxd3 15. Qxa7 Bd5 16. Ne1 Ne5 17. Rd1 Nc6 18. Qa3 Bc4 19. Nd3 Qd4 20. b4 Bxd3
21. b5 Qb4 22. Rxd3 Qxa3 23. Rxa3 Nd4 24. c6 Nxb5 25. cxb7+ Kb8 26. Rf3 Rd7 27.
h4 Nd4 28. Re3 Rhd8 29. g3 Ne6 30. Kg2 Rd1 31. Rxd1 Rxd1 32. f4 Rd2+ 33. Kh3 Rd5
34. Rb3 Ra5 35. a3 h5 36. Kg2 g6 37. Kf2 Nd4 38. Rb6 Rxa3 39. Rf6 Ra2+ 40. Kg1
Ne2+ 41. Kf2 Nxf4+ 42. Kf1 Ra1+ 43. Kf2 Nd3+ 44. Ke3 Ne5 45. Kf4 Re1 46. Rb6 Ng4
47. Rd6 Rf1+ 48. Kg5 Rf5# 0-1

[Event "Julius Baer GenCup KO"]
[Site "chess24.com INT"]
[Date "2022.09.22"]
[Round "1.12"]
[White "Le, Quang Liem"]
[Black "Niemann, Hans Moke"]
[Result "0-1"]
[WhiteTitle "GM"]
[BlackTitle "GM"]
[WhiteElo "2728"]
[BlackElo "2688"]
[WhiteFideId "12401137"]
[BlackFideId "2093596"]
[EventDate "2022.09.22"]
[EventType "k.o."]

1. d4 Nf6 2. Nf3 e6 3. c4 b6 4. g3 Ba6 5. b3 Be7 6. Bg2 d5 7. cxd5 exd5 8. O-O
O-O 9. Nc3 Bb7 10. Bb2 Nbd7 11. Ne5 Re8 12. Rc1 a6 13. e3 Bd6 14. f4 Ne4 15.
Nxe4 dxe4 16. Qh5 g6 17. Qh3 Nf6 18. g4 Bd5 19. f5 Nd7 20. Nxd7 Qxd7 21. g5 Qe7
22. Qg4 a5 23. Rc2 a4 24. Rcf2 axb3 25. axb3 Ra5 26. Qh4 Rb5 27. b4 Bxb4 28. Bh3
Bd6 29. f6 Qd8 30. Ra1 Rb3 31. Bc1 Bf8 32. Rc2 c5 33. Ra7 cxd4 34. Rd7 Qa8 35.
Rcc7 Rc3 36. Rxc3 dxc3 37. Qe1 Qc6 38. Ra7 Be6 39. Bxe6 Qxe6 40. Qxc3 Qg4+ 41.
Kf2 Qxg5 42. Bb2 Qf5+ 43. Ke1 Qe6 44. Ba3 Rc8 45. Qd4 Qg4 46. Qd5 Bb4+ 47. Kf1
Qf3+ 48. Kg1 Qxe3+ 49. Kf1 Qf3+ 50. Kg1 Qxf6 51. Bb2 Qf4 52. Ra8 Bc5+ 53. Qxc5
Qg4+ 0-1

[Event "Julius Baer GenCup KO"]
[Site "chess24.com INT"]
[Date "2022.09.22"]
[Round "1.13"]
[White "Niemann, Hans Moke"]
[Black "Le, Quang Liem"]
[Result "1/2-1/2"]
[WhiteTitle "GM"]
[BlackTitle "GM"]
[WhiteElo "2688"]
[BlackElo "2728"]
[WhiteFideId "2093596"]
[BlackFideId "12401137"]
[EventDate "2022.09.22"]
[EventType "k.o."]

1. c4 c5 2. g3 g6 3. Bg2 Bg7 4. Nf3 Nc6 5. Nc3 d6 6. O-O Bf5 7. b3 Qd7 8. Bb2
Bh3 9. Qc1 Nh6 10. Nd5 O-O 11. Bxg7 Kxg7 12. Qb2+ f6 13. d4 Bxg2 14. Kxg2 Rad8
15. Rad1 b6 16. Qc2 Nf5 17. e3 e6 18. Nf4 cxd4 19. exd4 e5 20. dxe5 fxe5 21. Nd5
Nfd4 22. Nxd4 Nxd4 23. Qe4 Qf5 24. Qxf5 Rxf5 25. f4 h5 26. Rfe1 Rd7 27. Re4 Nc6
28. b4 Rff7 29. a3 Kf8 30. h4 Rd8 31. Rde1 Rc8 32. R1e3 Nd4 33. fxe5 dxe5 34.
Rxe5 Rxc4 35. Nf4 Nf5 36. Rd3 Kg7 37. Re6 Kh7 38. Nxg6 Rc2+ 39. Kg1 Rc1+ 40. Kg2
Rc2+ 41. Kg1 Ng7 42. Red6 Rc1+ 43. Kg2 Rc2+ 44. Kg1 Nf5 45. Re6 1/2-1/2

[Event "Julius Baer GenCup KO"]
[Site "chess24.com INT"]
[Date "2022.09.22"]
[Round "1.14"]
[White "Le, Quang Liem"]
[Black "Niemann, Hans Moke"]
[Result "1-0"]
[WhiteTitle "GM"]
[BlackTitle "GM"]
[WhiteElo "2728"]
[BlackElo "2688"]
[WhiteFideId "12401137"]
[BlackFideId "2093596"]
[EventDate "2022.09.22"]
[EventType "k.o."]

1. d4 Nf6 2. Nf3 d5 3. c4 e6 4. Nc3 c5 5. e3 Nc6 6. a3 dxc4 7. Bxc4 a6 8. O-O b5
9. Ba2 Bb7 10. Qe2 Qc7 11. Rd1 Rd8 12. d5 exd5 13. Nxd5 Nxd5 14. Bxd5 Be7 15. e4
O-O 16. g3 Na5 17. Bf4 Qb6 18. Ne5 Bxd5 19. Rxd5 Qb7 20. Rad1 Rxd5 21. exd5 Bf6
22. d6 Nc6 23. Nxc6 Qxc6 24. d7 Qe6 25. Qxe6 fxe6 26. Bd6 Ra8 27. Bxc5 Kf7 28.
b4 Bd8 29. Rd3 e5 30. Kg2 Bc7 31. Bd6 Bxd6 32. Rxd6 Ke7 33. Rd5 e4 34. Kf1 Kd8
35. Ke2 Ra7 36. Ke3 Rc7 37. Kxe4 Rc2 38. Ke3 Ra2 39. Rd3 Ra1 40. h4 Re1+ 41. Kf4
Re2 42. f3 Ra2 43. Ke5 Rc2 44. Ke6 1-0